Educación como práctica de la libertad
| Autor principal: | |
|---|---|
| Formato: | Livro |
| Idioma: | espanhol |
| Publicado em: |
Montevideo :
Siglo XXI,
1971
|
| Assuntos: |
MARC
| LEADER | 00000nam a2200000Ia 4500 | ||
|---|---|---|---|
| 008 | 180226b1971 uy ||||| |||| 00| | spa d | ||
| 999 | |c 1560 |d 1560 | ||
| 090 | |a 06.02.01 |b 512 | ||
| 100 | 1 | |a Freire, Paulo |9 329 | |
| 245 | 1 | 0 | |a Educación como práctica de la libertad |
| 260 | |a Montevideo : |b Siglo XXI, |c 1971 | ||
| 300 | |a 151 páginas | ||
| 650 | 1 | 4 | |a EDUCACIÓN |9 1 |
| 650 | 1 | 4 | |a EDUCACIÓN SOBRE EL DESARROLLO |9 3409 |
| 650 | 1 | 4 | |a EDUCACIÓN DE MASAS |9 3410 |
| 650 | 1 | 4 | |a EDUCACION BASICA |9 2224 |
| 650 | 1 | 4 | |a DESARROLLO ECONÓMICO Y SOCIAL |9 445 |
| 942 | |i 00890 |h 06.02.01 512 |2 z |c 01 | ||
